000 00607nam a2200181Ia 4500
008 151202s9999||||xx |||||||||||||| ||und||
082 _bPNVM-17092
100 _aवर्टी अ.वा.
245 _aइडली डोसा सुलुचा रामा.
260 _b"व.सराफ, मुंबई."
260 _c0
300 _a41
600 _aवर्टी अ.वा.
630 _aइडली डोसा सुलुचा रामा.
700 _aवर्टी अ.वा.
730 _aइडली डोसा सुलुचा रामा.
942 _cBOOK
999 _c1283077
_d1283074